Indefinite Definitions VI Quiz Stats

Quiz Updated Dec 26, 2015

Challenge
Share
Tweet
Embed
Score 0/35 Timer 07:00
2 Plays Today
% Correct
Fixed basin used for washing
98.1%
Descend beneath the surface
97.1%
Container for enclosing something
95.1%
Comparative darkness caused by shelter from direct sunlight
94.1%
Incident under police investigation
93.8%
Pack of playing cards
93.6%
Take off one’s clothes
93.3%
Gradation of a color as it is mixed with black
92.8%
Cover, moderate, or exclude light
92.4%
Platform extending horizontally from one side of a ship to the other
92.3%
Act of knocking down all ten pins with two successive rolls of a bowling ball
90.7%
Give someone a place within a grading system
90.4%
Duplicate kept as a replacement in case of damage or loss
90%
Remove paint or varnish from a surface
89.7%
Position within an organization's hierarchy
89.5%
Long narrow piece of material
89.1%
Strong and offensive in odor or flavor
87.8%
Propel a ball into a basket, hole, or pocket
87.1%
% Correct
Busy street lined with commercial establishments
87%
In excess of what is needed
86.4%
Refrain from killing or harming
86.3%
Flat part of a skateboard
85.1%
Line of soldiers drawn up abreast
84.3%
Examine or survey in planning a crime
83.9%
Damage the threads of a screw
82.2%
Pond or pit for sewage or waste
81.1%
Seep or penetrate
80.8%
Unit that incorporates a playing or recording mechanism for tapes
79.1%
Array in something dressy or festive
74.6%
Occurrence of a disease
74.3%
Small amount; a trace
72%
Scarce or meager
68%
Grammatical category indicating the relation of a noun, adjective, or pronoun to other words
64.5%
Disembodied spirit of a dead person
60.1%
Growing profusely or with excessive vigor
36.4%

You're not logged in!

Compare scores with friends on all Sporcle quizzes.
Sign Up with Email
OR
Log In

You Might Also Like...

Show Comments

Extras

Top Quizzes Today


Score Distribution

Your Account Isn't Verified!

In order to create a playlist on Sporcle, you need to verify the email address you used during registration. Go to your Sporcle Settings to finish the process.